Feminist thought: (Record no. 1238333)

MARC details
000 -LEADER
fixed length control field 00840nam a22002537a 4500
005 - DATE AND TIME OF LATEST TRANSACTION
control field 20250131171226.0
008 - FIXED-LENGTH DATA ELEMENTS--GENERAL INFORMATION
fixed length control field 250131b |||||||| |||| 00| 0 eng d
020 ## - INTERNATIONAL STANDARD BOOK NUMBER
International Standard Book Number 978-0-367-85793-6 (pbk)
037 ## - SOURCE OF ACQUISITION
Terms of availability TB
040 ## - CATALOGING SOURCE
Original cataloging agency CRL
Transcribing agency CRL
041 ## - LANGUAGE CODE
Source of code eng
Language code of text/sound track or separate title eng
084 ## - COLON CLASSIFICATION NUMBER
Classification number Y15z7 R4
Assigning agency CRL
100 ## - MAIN ENTRY--PERSONAL NAME
Personal name Tong, Rosemarie
9 (RLIN) 734929
245 ## - TITLE STATEMENT
Title Feminist thought:
Remainder of title A more comprehensive introduction
250 ## - EDITION STATEMENT
Edition statement 6th Ed.
260 ## - PUBLICATION, DISTRIBUTION, ETC.
Place of publication, distribution, etc. New York, USA:
Name of publisher, distributor, etc. Routledge,
Date of publication, distribution, etc. 2024
300 ## - PHYSICAL DESCRIPTION
Extent ix, 527p.
365 ## - TRADE PRICE
Price amount 35.99
Currency code UKP
650 ## - SUBJECT ADDED ENTRY--TOPICAL TERM
Topical term or geographic name entry element Sociology
9 (RLIN) 734930
650 ## - SUBJECT ADDED ENTRY--TOPICAL TERM
Topical term or geographic name entry element Feminism
9 (RLIN) 734931
700 ## - ADDED ENTRY--PERSONAL NAME
Personal name Botts, Tina Fernandes (Author)
9 (RLIN) 734932
942 ## - ADDED ENTRY ELEMENTS (KOHA)
Source of classification or shelving scheme Colon Classification (CC)
Koha item type Textbook
Edition 6th Ed.
Classification part Y15z7 R4
Suppress in OPAC No
Holdings
Withdrawn status Lost status Source of classification or shelving scheme Damaged status Not for loan Home library Current library Date acquired Source of acquisition Inventory number Total Checkouts Full call number Barcode Date last seen Price effective from Koha item type
    Colon Classification (CC)     Central Library Central Library 2025-01-31 Classic Book Service 195 & 2024-12-30   Y15z7 R4 CL1682381 2025-01-31 2025-01-31 Textbook
Copyright @ Delhi University Library System